[Event "World Rapid Women 2025"]
[Site "Doha QAT"]
[Date "2025.12.26"]
[Round "4.1"]
[White "Goryachkina, Aleksandra"]
[Black "Stefanova, Antoaneta"]
[Result "1/2-1/2"]
[WhiteTitle "GM"]
[BlackTitle "GM"]
[WhiteElo "2534"]
[BlackElo "2391"]
[WhiteFideId "4147103"]
[BlackFideId "2902257"]
[EventDate "2025.12.26"]

1. e4 e5 2. Nf3 Nc6 3. Bb5 a6 4. Ba4 d6 5. O-O Bd7 6. c4 Nf6 7. Nc3 Be7 8. Bxc6
bxc6 9. d4 exd4 10. Nxd4 c5 11. Nf5 Bxf5 12. exf5 O-O 13. Bg5 h6 14. Bh4 Nh7 15.
Bxe7 Qxe7 16. Nd5 Qd7 17. Qd2 Rfe8 18. Rfe1 Nf6 19. Nxf6+ gxf6 20. Qxh6 Qxf5 21.
Qd2 Re5 22. Rxe5 fxe5 23. Re1 Kg7 24. b4 cxb4 25. Qxb4 Qf4 26. g3 Qd4 27. h4 Rh8
28. Qb3 Rh6 29. Rd1 Qg4 30. c5 dxc5 31. Re1 Re6 32. Qc2 Qd4 33. Re4 Qd5 34. Rc4
Rc6 35. h5 Kh6 36. Qc1+ Kh7 37. Qc2+ Kh6 38. Qc1+ Kh7 39. Qc2+ 1/2-1/2

[Event "World Rapid Women 2025"]
[Site "Doha QAT"]
[Date "2025.12.26"]
[Round "4.2"]
[White "Dronavalli, Harika"]
[Black "Batsiashvili, Nino"]
[Result "1/2-1/2"]
[WhiteTitle "GM"]
[BlackTitle "GM"]
[WhiteElo "2466"]
[BlackElo "2462"]
[WhiteFideId "5015197"]
[BlackFideId "13602993"]
[EventDate "2025.12.26"]

1. Nf3 d5 2. g3 Nf6 3. Bg2 e6 4. O-O Bd6 5. d4 O-O 6. b3 Nbd7 7. Bb2 b5 8. Nbd2
Bb7 9. Ne5 c5 10. Nxd7 Nxd7 11. c4 bxc4 12. bxc4 Rb8 13. dxc5 Nxc5 14. Rb1 Qe7
15. cxd5 Bxd5 16. Bxd5 exd5 17. Bd4 Ne6 18. Nf3 Bc5 19. Bxc5 Qxc5 20. Qd3 Qc4
21. Qd2 d4 22. Rxb8 Rxb8 23. Rd1 h6 24. a3 Rb3 25. Nxd4 Nxd4 26. Qxd4 Qxd4 27.
Rxd4 Rxa3 1/2-1/2

[Event "World Rapid Women 2025"]
[Site "Doha QAT"]
[Date "2025.12.26"]
[Round "4.3"]
[White "Dzagnidze, Nana"]
[Black "Zhu, Jiner"]
[Result "0-1"]
[WhiteTitle "GM"]
[BlackTitle "GM"]
[WhiteElo "2469"]
[BlackElo "2579"]
[WhiteFideId "13601903"]
[BlackFideId "8608059"]
[EventDate "2025.12.26"]

1. d4 Nf6 2. c4 e6 3. Nc3 Bb4 4. Qc2 O-O 5. Bg5 d5 6. e3 h6 7. Bh4 b6 8. cxd5
exd5 9. Nf3 c5 10. dxc5 bxc5 11. Be2 g5 12. Bg3 Ne4 13. O-O Bxc3 14. bxc3 Bf5
15. Qb2 Nc6 16. Rfd1 Qf6 17. Rac1 h5 18. Rxd5 h4 19. Be5 Nxe5 20. Nxe5 Rab8 21.
Qc2 Nxf2 22. Nd7 Bxd7 23. Rf1 Qe7 24. Rxf2 Bc6 25. Rd1 Qxe3 26. Bc4 Be4 27. Qe2
Qxe2 28. Rxe2 Rfe8 29. Rd7 Bg6 30. Rxe8+ Rxe8 31. Kf2 Re4 32. Bd5 Ra4 33. Rc7
Ra5 34. Kf3 Kg7 35. g3 hxg3 36. hxg3 Kf6 37. Bb3 Ke5 38. Kg4 Kd6 39. Rc8 f6 40.
Rf8 Ke7 41. Rb8 Bb1 42. a4 Bd3 43. c4 Bxc4 44. Bxc4 Rxa4 45. Kf5 Rxc4 46. Rb7+
Kd6 47. Rxa7 Rc3 48. Kxf6 Rxg3 49. Kf5 Kd5 50. Rd7+ Kc4 51. Ke4 Kc3 52. Rc7 c4
53. Kd5 Rg4 54. Kc5 Kc2 55. Kb4 c3+ 56. Ka3 Rg1 57. Ka2 g4 58. Rg7 g3 59. Rg8 g2
60. Rg7 Kd2 61. Rd7+ Ke3 62. Re7+ Kf4 63. Rf7+ Ke5 64. Rc7 Ra1+ 0-1

[Event "World Rapid Women 2025"]
[Site "Doha QAT"]
[Date "2025.12.26"]
[Round "4.4"]
[White "Vaishali, Rameshbabu"]
[Black "Muzychuk, Mariya"]
[Result "0-1"]
[WhiteTitle "GM"]
[BlackTitle "GM"]
[WhiteElo "2473"]
[BlackElo "2475"]
[WhiteFideId "5091756"]
[BlackFideId "14114550"]
[EventDate "2025.12.26"]

1. Nf3 d5 2. g3 Nf6 3. Bg2 g6 4. O-O Bg7 5. d4 O-O 6. c4 c6 7. a4 a5 8. Nc3 Na6
9. cxd5 cxd5 10. Qb3 Bf5 11. Nh4 Be6 12. Nb5 Ne4 13. Nf3 Nb4 14. Bf4 Rc8 15.
Rfc1 Qb6 16. Bc7 Qa6 17. Ne5 Nd6 18. Nd3 Nxd3 19. Qxd3 Nf5 20. e3 Nd6 21. Bf1
Bf5 22. Qd1 Nxb5 23. axb5 Qe6 24. Rxa5 Rxc7 25. Rxc7 Qb6 26. Rxe7 Qxa5 27. Rxb7
Qb4 28. g4 Be6 29. h3 Qxb2 30. Bg2 Rc8 31. Qf3 Qa1+ 32. Kh2 Qa8 33. Rb6 Qa7 34.
Ra6 Qb8+ 35. Qg3 Qxb5 36. Ra7 Qb8 37. Ra5 Qb6 38. Ra1 Bf8 39. f4 Bd6 40. Rf1 Qb2
41. Rf2 Rc2 42. Rxc2 Qxc2 43. Qh4 Kg7 44. Qd8 Qc7 45. Qxc7 Bxc7 46. Kg3 f6 47.
Kf3 Kf7 48. Bf1 Ke7 49. Bb5 f5 50. g5 Bd7 51. Ba6 Ba4 52. Ke2 Ba5 53. h4 Bb3 54.
Bb7 Bc4+ 55. Kf2 Kd7 56. Kg2 Be1 57. Kf3 Bxh4 58. Kg2 Be1 59. Kf3 Kc7 60. Ba8
Kd6 61. Kg2 Ba6 62. Kg1 Bc8 63. Kf1 Ba5 64. Ke2 Be6 65. Kd3 Kc7 66. Kc2 Kb6 67.
Kd3 Bb4 68. Kc2 Bf8 69. Kd3 h5 70. gxh6 Bxh6 71. Kc3 Bf8 72. Kd3 Bb4 73. Kc2 Kc7
74. Kd3 Kd6 75. Bb7 Bd7 76. Kc2 Ba4+ 77. Kd3 Bb5+ 78. Kc2 Bc4 79. Bc8 Ke7 80.
Kd1 Kf6 81. Bd7 g5 82. fxg5+ Kxg5 83. Be6 f4 84. exf4+ Kxf4 85. Kc2 Ke4 86. Bg8
Kxd4 87. Bh7 Bf1 88. Kb3 Be1 89. Kc2 Bg2 90. Kd1 Ba5 91. Bg8 Ke3 0-1

[Event "World Rapid Women 2025"]
[Site "Doha QAT"]
[Date "2025.12.26"]
[Round "4.5"]
[White "Divya, Deshmukh"]
[Black "Salimova, Nurgyul"]
[Result "1/2-1/2"]
[WhiteTitle "GM"]
[BlackTitle "IM"]
[WhiteElo "2497"]
[BlackElo "2396"]
[WhiteFideId "35006916"]
[BlackFideId "2915138"]
[EventDate "2025.12.26"]

1. d4 d5 2. g3 Nf6 3. Bg2 c5 4. Nf3 cxd4 5. O-O h6 6. b3 g6 7. Bb2 Bg7 8. Nxd4
O-O 9. Nd2 e5 10. N4f3 e4 11. Nd4 e3 12. fxe3 Ng4 13. Rf3 Ne5 14. Rf2 Ng4 15.
Rf3 Ne5 16. Rf2 Ng4 17. Rf3 Ne5 18. Rf4 Ng4 19. Nf1 g5 20. Rf3 Ne5 21. Rf2 Ng4
22. Rf3 Ne5 23. Rf2 Ng4 24. Rf3 Ne5 25. Rf2 Ng4 26. Rf3 Ne5 27. Rf2 Ng4 28. Rf3 1/2-1/2

[Event "World Rapid Women 2025"]
[Site "Doha QAT"]
[Date "2025.12.26"]
[Round "4.6"]
[White "Padmini, Rout"]
[Black "Muzychuk, Anna"]
[Result "1/2-1/2"]
[WhiteTitle "IM"]
[BlackTitle "GM"]
[WhiteElo "2354"]
[BlackElo "2518"]
[WhiteFideId "5029295"]
[BlackFideId "14111330"]
[EventDate "2025.12.26"]

1. Nf3 c5 2. g3 Nc6 3. Bg2 g6 4. O-O Bg7 5. c4 e6 6. Nc3 Nge7 7. d3 d5 8. cxd5
exd5 9. Bf4 O-O 10. Qd2 b6 11. Bh6 d4 12. Bxg7 Kxg7 13. Nb5 Be6 14. Na3 h6 15.
Nc4 Nd5 16. Nfe5 Nxe5 17. Nxe5 Qg5 18. Nf3 Qxd2 19. Nxd2 Rad8 20. a3 Rfe8 21.
Rfe1 Re7 22. Bf3 f5 23. Nc4 Bf7 24. h4 g5 25. hxg5 hxg5 26. Nd2 g4 27. Bg2 Rde8
28. Kf1 Nf6 29. Nc4 Rd8 30. Rac1 Bd5 31. Bxd5 Nxd5 32. Nd2 Kf6 33. Rc2 Rh8 34.
Kg2 a5 35. Nf1 f4 36. Rec1 Rxe2 37. Rxe2 f3+ 38. Kg1 fxe2 39. Nd2 Re8 40. Re1
Kg6 41. Nb3 a4 42. Nc1 Kf5 43. Rxe2 Rxe2 44. Nxe2 b5 45. Kf1 Ke5 46. Ke1 c4 47.
Kd2 Nf6 48. Nf4 Nd7 49. Ng6+ Kf6 50. Nf4 Ke5 51. Ng6+ Kf5 52. Ne7+ Ke6 53. Nc6
Kd5 54. Ne7+ Kd6 55. Nf5+ Kd5 56. Ne7+ Kd6 57. Nf5+ Kd5 58. Ne7+ Kc5 59. Ng6 Kd6
60. Kc2 Nc5 61. dxc4 bxc4 62. Nh4 Ne4 63. f3 d3+ 64. Kc1 gxf3 65. Nxf3 Nxg3 66.
Nd2 Kd5 67. Kd1 Ne4 68. Nf3 c3 69. bxc3 Kc5 70. Ne5 Nxc3+ 71. Kd2 Nb1+ 72. Kxd3
Nxa3 73. Kc3 Nb5+ 74. Kb2 Kd4 75. Nc6+ Kd5 76. Nb4+ Kc4 77. Nc2 Kc5 78. Na3 1/2-1/2

[Event "World Rapid Women 2025"]
[Site "Doha QAT"]
[Date "2025.12.26"]
[Round "4.7"]
[White "Song, Yuxin"]
[Black "Nomin-Erdene, Davaademberel"]
[Result "1-0"]
[WhiteTitle "IM"]
[BlackTitle "IM"]
[WhiteElo "2454"]
[BlackElo "2312"]
[WhiteFideId "8614300"]
[BlackFideId "4900782"]
[EventDate "2025.12.26"]

1. e4 c6 2. d4 d5 3. e5 Bf5 4. Nf3 e6 5. Be2 c5 6. Be3 Qb6 7. Nc3 Nc6 8. O-O
Qxb2 9. Qe1 O-O-O 10. Rb1 Qxc2 11. Bb5 Nb4 12. Ba4 Qd3 13. Qc1 Qc4 14. Nd2 Nd3
15. Qc2 Qa6 16. Bb5 Nb4 17. Qc1 Qa5 18. a3 Nd3 19. Qd1 Qxc3 20. Qa4 Nb2 21. Qxa7
Bxb1 22. Nxb1 Qb3 23. Qa8+ Kc7 24. Qa5+ Kc8 25. Qa8+ Kc7 26. Qa5+ Kc8 27. Nd2
Qc2 28. dxc5 Ne7 29. Qa8+ Kc7 30. Qa5+ Kc8 31. Bg5 Nc4 32. Nxc4 dxc4 33. c6 Nxc6
34. Bxc6 bxc6 35. Qa8+ Kc7 36. Qa7+ Kc8 37. Qa8+ Kc7 38. Bxd8+ Kd7 39. Bb6 Bxa3
40. Qb7+ Ke8 41. Qxc6+ Ke7 42. Qc7+ 1-0

[Event "World Rapid Women 2025"]
[Site "Doha QAT"]
[Date "2025.12.26"]
[Round "4.8"]
[White "Zhapova, Yana"]
[Black "Khotenashvili, Bella"]
[Result "1/2-1/2"]
[WhiteTitle "FM"]
[BlackTitle "GM"]
[WhiteElo "2260"]
[BlackElo "2426"]
[WhiteFideId "24278670"]
[BlackFideId "13602640"]
[EventDate "2025.12.26"]

1. e4 g6 2. d4 Bg7 3. Nf3 d6 4. Nc3 c6 5. a4 Nf6 6. Be2 O-O 7. O-O a5 8. Re1 Na6
9. h3 Nb4 10. Bf4 d5 11. e5 Ne8 12. Nb1 Bf5 13. Na3 f6 14. c3 Na6 15. Nc2 Be4
16. exf6 exf6 17. Nd2 Bf5 18. Ne3 Be6 19. Bd3 Bf7 20. Ng4 Nac7 21. Nh6+ Kh8 22.
Nxf7+ Rxf7 23. h4 Nd6 24. Nf1 f5 25. h5 Ne4 26. f3 Nd6 27. Qd2 Qd7 28. Ng3 Kg8
29. Nh1 Re8 30. hxg6 hxg6 31. Nf2 Rfe7 32. b3 Nf7 33. Bf1 Ne6 34. Be3 Qd6 35.
Nd3 g5 36. f4 gxf4 37. Nxf4 Nxf4 38. Bxf4 Qg6 39. Bd3 Nd6 40. Bxd6 Qxd6 41. Rxe7
Rxe7 42. Re1 Bh6 43. Qf2 Rxe1+ 44. Qxe1 Qf4 45. Qe8+ Kg7 46. Qe7+ Kg6 47. Qe6+
Kg5 48. Qe7+ Kg6 49. Qe6+ Kg5 50. Qe7+ 1/2-1/2

[Event "World Rapid Women 2025"]
[Site "Doha QAT"]
[Date "2025.12.26"]
[Round "4.9"]
[White "Savitha, Shri B"]
[Black "Shuvalova, Polina"]
[Result "1/2-1/2"]
[WhiteTitle "IM"]
[BlackTitle "IM"]
[WhiteElo "2334"]
[BlackElo "2502"]
[WhiteFideId "35061887"]
[BlackFideId "24171760"]
[EventDate "2025.12.26"]

1. e4 e5 2. Nf3 Nc6 3. Bb5 a6 4. Ba4 Nf6 5. Nc3 Be7 6. d3 d6 7. a3 O-O 8. h3 b5
9. Bb3 Nb8 10. Bg5 Nbd7 11. Nd5 Nxd5 12. Bxd5 Rb8 13. Be3 Nf6 14. Ba2 c5 15. O-O
h6 16. Qd2 Be6 17. Bxe6 fxe6 18. b4 c4 19. Rad1 Rc8 20. Nh4 Qe8 21. Qe2 cxd3 22.
cxd3 Rc3 23. Rc1 Rxa3 24. Rc7 Bd8 25. Ra7 a5 26. bxa5 Rxa5 27. Rxa5 Bxa5 28. Qa2
Bc3 29. Rb1 Qd7 30. Bd2 Rc8 31. Bxc3 Rxc3 32. Qd2 Qc6 33. Rxb5 Rc1+ 34. Kh2 Qxb5
35. Qxc1 Qxd3 36. Qc8+ Kh7 37. f3 Qb3 38. Qc7 d5 39. Qf7 dxe4 40. Ng6 exf3 41.
Nf8+ Kh8 42. Nxe6 Nh5 43. Qe8+ Kh7 44. Nf8+ Kg8 45. Ng6+ Kh7 46. Nf8+ Kg8 47.
Ng6+ Kh7 48. Nf8+ 1/2-1/2

[Event "World Rapid Women 2025"]
[Site "Doha QAT"]
[Date "2025.12.26"]
[Round "4.10"]
[White "Khademalsharieh, Sarasadat"]
[Black "Maltsevskaya, Aleksandra"]
[Result "1-0"]
[WhiteTitle "IM"]
[BlackTitle "IM"]
[WhiteElo "2414"]
[BlackElo "2398"]
[WhiteFideId "12512214"]
[BlackFideId "24174041"]
[EventDate "2025.12.26"]

1. d4 Nf6 2. g3 g6 3. Bg2 Bg7 4. c4 O-O 5. Nc3 c5 6. dxc5 Qa5 7. Qa4 Qc7 8. Be3
d6 9. Rc1 Bd7 10. Qb3 Nc6 11. Nf3 Qd8 12. O-O Rc8 13. Qxb7 Rb8 14. Qa6 Rxb2 15.
Nd4 Ng4 16. Nxc6 Bxc6 17. Bxc6 1-0

[Event "World Rapid Women 2025"]
[Site "Doha QAT"]
[Date "2025.12.26"]
[Round "4.11"]
[White "Ju, Wenjun"]
[Black "Jiang, Tianyu"]
[Result "1-0"]
[WhiteTitle "GM"]
[WhiteElo "2565"]
[BlackElo "2224"]
[WhiteFideId "8603006"]
[BlackFideId "8627215"]
[EventDate "2025.12.26"]

1. Nf3 Nf6 2. c4 e6 3. b3 d5 4. Bb2 c5 5. cxd5 exd5 6. g3 Nc6 7. Bg2 d4 8. O-O
Be7 9. Na3 O-O 10. e3 Be6 11. exd4 cxd4 12. Nc4 Re8 13. Re1 Bd5 14. Nfe5 Nxe5
15. Rxe5 b5 16. Bxd5 Nxd5 17. Qf3 Nc7 18. Na5 Bf6 19. Nb7 Qd7 20. Nc5 Qc8 21.
Rf5 Ne6 22. Ne4 Be7 23. Rc1 Qa6 24. a3 Rac8 25. Re1 Rf8 26. Qd3 Rb8 27. a4 Qc6
28. axb5 Qd7 29. Qc4 Rfd8 30. b4 Rdc8 31. Qd5 Qxd5 32. Rxd5 Bxb4 33. Ra1 Rc7 34.
Ra4 Bf8 35. Bxd4 Nxd4 36. Raxd4 Rcb7 37. Nc3 Be7 38. Ra4 g6 39. Kg2 Kg7 40. Ra6
Bb4 41. Ra4 Bxc3 42. dxc3 Rxb5 43. Rxb5 Rxb5 44. Rxa7 Rb3 45. Rc7 Kf6 46. Kf3
Rb2 47. h4 h5 48. Ke3 Ke6 49. c4 Rc2 50. f3 Ke5 51. Re7+ Kf6 52. Re4 Kg7 53. Kf4
Kf6 54. Rd4 Ke6 55. Kg5 Rc3 56. Rf4 Ke7 57. Kh6 Kf8 58. g4 hxg4 59. fxg4 Rh3 60.
h5 gxh5 61. gxh5 Ke7 62. Kg5 f6+ 63. Kg6 Rg3+ 64. Kh7 Ke6 65. h6 f5 66. Rf1 Rc3
67. Kg6 Rg3+ 68. Kh5 Rh3+ 69. Kg5 Rg3+ 70. Kh4 Rg4+ 71. Kh5 Rxc4 72. h7 Rc2 73.
Rf4 Rc8 74. Kg6 Ke7 75. Rxf5 Rc6+ 76. Kg7 1-0

[Event "World Rapid Women 2025"]
[Site "Doha QAT"]
[Date "2025.12.26"]
[Round "4.12"]
[White "Tokhirjonova, Gulrukhbegim"]
[Black "Tan, Zhongyi"]
[Result "0-1"]
[WhiteTitle "IM"]
[BlackTitle "GM"]
[WhiteElo "2372"]
[BlackElo "2524"]
[WhiteFideId "14203626"]
[BlackFideId "8603642"]
[EventDate "2025.12.26"]

1. d4 d5 2. c4 e6 3. cxd5 exd5 4. Nc3 Nf6 5. Bg5 c6 6. e3 h6 7. Bh4 Be7 8. Bd3
O-O 9. Nge2 Re8 10. O-O Ne4 11. Bxe7 Qxe7 12. Bxe4 dxe4 13. Ng3 f5 14. f3 exf3
15. Rxf3 Be6 16. Qd3 Qg5 17. Re1 Na6 18. Nxf5 Nb4 19. Qb1 Rf8 20. Ng3 Rxf3 21.
gxf3 Rf8 22. Qe4 Bh3 23. f4 Qd8 24. Qg6 Nd5 25. Nxd5 Qxd5 26. Re2 Qxa2 27. Qh5
Qe6 28. Re1 Rxf4 29. Qa5 Rf8 30. e4 Qg4 31. Qd2 h5 32. Qe2 Rf3 33. e5 Qxd4+ 34.
Kh1 Rf2 35. Qe3 Qxe3 36. Rxe3 h4 37. Ne2 Bg4 38. Nd4 c5 0-1

[Event "World Rapid Women 2025"]
[Site "Doha QAT"]
[Date "2025.12.26"]
[Round "4.13"]
[White "Cori T., Deysi"]
[Black "Lei, Tingjie"]
[Result "0-1"]
[WhiteTitle "IM"]
[BlackTitle "GM"]
[WhiteElo "2349"]
[BlackElo "2569"]
[WhiteFideId "3801934"]
[BlackFideId "8605114"]
[EventDate "2025.12.26"]

1. Nf3 Nf6 2. g3 g6 3. Bg2 Bg7 4. O-O O-O 5. d4 d6 6. a4 a5 7. Nbd2 Nbd7 8. e4
e5 9. dxe5 dxe5 10. b3 b6 11. Bb2 Re8 12. Re1 Bb7 13. h3 h6 14. Qc1 Qe7 15. Nh2
Rad8 16. Nc4 Qe6 17. Bc3 Ba6 18. Ne3 Nc5 19. Nd5 Nxd5 20. exd5 Rxd5 21. Qb2 Rdd8
22. Ng4 f6 23. f4 h5 24. Nf2 Bb7 25. fxe5 fxe5 26. Bxb7 Nxb7 27. Re3 Nd6 28.
Rae1 Nf5 29. Rf3 Nd4 30. Rfe3 c5 31. Rd3 Qf5 32. Rf1 e4 33. Re3 Bh6 34. Bxd4
cxd4 35. Re2 Qf3 36. Nxe4 Qxe2 37. Nf6+ Kh8 0-1

[Event "World Rapid Women 2025"]
[Site "Doha QAT"]
[Date "2025.12.26"]
[Round "4.14"]
[White "Kiolbasa, Oliwia"]
[Black "Assaubayeva, Bibisara"]
[Result "0-1"]
[WhiteTitle "IM"]
[BlackTitle "GM"]
[WhiteElo "2397"]
[BlackElo "2497"]
[WhiteFideId "1154613"]
[BlackFideId "13708694"]
[EventDate "2025.12.26"]

1. e4 c5 2. Nc3 d6 3. Bb5+ Bd7 4. Bxd7+ Qxd7 5. d4 cxd4 6. Qxd4 Nc6 7. Qd3 g6 8.
Nf3 Bg7 9. O-O Nf6 10. Nd5 O-O 11. Bg5 Ne8 12. Qb5 e6 13. Ne7+ Kh8 14. Nxc6 bxc6
15. Qb3 f5 16. exf5 gxf5 17. Rad1 e5 18. Rfe1 e4 19. Nd4 d5 20. Qa4 Rc8 21. Bf4
Qf7 22. Qa6 Nf6 23. Bd6 Rg8 24. f3 Qg6 25. Qe2 Nh5 26. fxe4 fxe4 27. Rf1 Rce8
28. Nf5 Be5 29. Nh4 Qxd6 30. Qxh5 Bxh2+ 31. Kh1 Bf4 32. Nf5 Qe5 33. Qh4 Bg5 34.
Qh3 Re6 35. c3 Rf6 36. Kg1 Bf4 37. Nd4 0-1

[Event "World Rapid Women 2025"]
[Site "Doha QAT"]
[Date "2025.12.26"]
[Round "4.15"]
[White "Berend, Elvira"]
[Black "Lagno, Kateryna"]
[Result "1/2-1/2"]
[WhiteTitle "WGM"]
[BlackTitle "GM"]
[WhiteElo "2265"]
[BlackElo "2508"]
[WhiteFideId "4000510"]
[BlackFideId "14109336"]
[EventDate "2025.12.26"]

1. d4 Nf6 2. Nf3 g6 3. Bg5 Bg7 4. Nbd2 d6 5. e3 O-O 6. Be2 b6 7. O-O Bb7 8. Bxf6
Bxf6 9. Ne1 e5 10. dxe5 Bxe5 11. Nd3 Bg7 12. Bf3 d5 13. e4 d4 14. e5 Nc6 15. Re1
Rb8 16. e6 fxe6 17. Rxe6 Ne7 18. Bxb7 Rxb7 19. Qe2 c5 20. Re1 Nd5 21. Nc4 Rd7
22. Nce5 Rd6 23. Nc6 Qd7 24. Ne7+ Kh8 25. Nxd5 Rxd5 26. Re7 Qf5 27. b3 Rd7 28.
Rxd7 Qxd7 29. a4 Kg8 30. g3 Qf7 31. Qe7 Bf6 32. Qe6 Kg7 33. Qc6 Kg8 34. Re6 Bg7
35. Qe4 Qf5 36. Qxf5 Rxf5 37. Rc6 Rf6 38. Rc8+ Rf8 39. Rc6 Rf6 40. Rc8+ Rf8 41.
Rc6 1/2-1/2

[Event "World Rapid Women 2025"]
[Site "Doha QAT"]
[Date "2025.12.26"]
[Round "4.16"]
[White "Kosteniuk, Alexandra"]
[Black "Beydullayeva, Govhar"]
[Result "1-0"]
[WhiteTitle "GM"]
[BlackTitle "WGM"]
[WhiteElo "2483"]
[BlackElo "2364"]
[WhiteFideId "4128125"]
[BlackFideId "13413015"]
[EventDate "2025.12.26"]

1. e4 c5 2. c3 Nf6 3. e5 Nd5 4. Bc4 Nb6 5. Bb3 c4 6. Bc2 d6 7. exd6 Qxd6 8. Ne2
Nc6 9. O-O g6 10. b3 Bg7 11. Na3 Ne5 12. bxc4 Nexc4 13. Nxc4 Nxc4 14. d3 Nb6 15.
a4 O-O 16. Ba3 Qc7 17. Bb3 Rd8 18. d4 e5 19. Bc5 Nd7 20. Be7 Re8 21. Ba3 exd4
22. cxd4 Nf6 23. Rc1 Qd8 24. Nc3 Bh6 25. Ra1 Bg4 26. f3 Bf5 27. Nb5 Be6 28. Nd6
Bxb3 29. Qxb3 Re6 30. Qxb7 Re7 31. Qa6 Re6 32. Qb7 Re7 33. Qc6 Rc7 34. Qa6 Be3+
35. Kh1 Nh5 36. Ne4 Qxd4 37. Rad1 Qb6 38. Qd3 Rcc8 39. a5 Qe6 40. Qxe3 f5 41.
Rd6 Qe5 42. Nf6+ 1-0

[Event "World Rapid Women 2025"]
[Site "Doha QAT"]
[Date "2025.12.26"]
[Round "4.17"]
[White "Buksa, Nataliya"]
[Black "Koneru, Humpy"]
[Result "0-1"]
[WhiteTitle "IM"]
[BlackTitle "GM"]
[WhiteElo "2397"]
[BlackElo "2535"]
[WhiteFideId "14123622"]
[BlackFideId "5008123"]
[EventDate "2025.12.26"]

1. e4 e5 2. Nf3 Nc6 3. Bc4 Nf6 4. d4 exd4 5. e5 Ne4 6. O-O Be7 7. Re1 d5 8. Bb5
Bg4 9. Bf4 O-O 10. h3 Bxf3 11. Qxf3 f6 12. Bxc6 bxc6 13. e6 Rb8 14. b3 Bb4 15.
Re2 Qe7 16. a3 Bc5 17. Nd2 f5 18. Qd3 Bxa3 19. Nf3 Bd6 20. Bxd6 Qxd6 21. Nxd4 c5
22. Ra6 c4 0-1

[Event "World Rapid Women 2025"]
[Site "Doha QAT"]
[Date "2025.12.26"]
[Round "4.18"]
[White "Gaal, Zsoka"]
[Black "Khamdamova, Afruza"]
[Result "0-1"]
[WhiteTitle "IM"]
[BlackTitle "WGM"]
[WhiteElo "2374"]
[BlackElo "2403"]
[WhiteFideId "777765"]
[BlackFideId "14210444"]
[EventDate "2025.12.26"]

1. c4 e6 2. Nf3 d5 3. e3 Nf6 4. b3 Bd6 5. Bb2 O-O 6. Nc3 Re8 7. Nb5 e5 8. Nxd6
cxd6 9. Be2 Nc6 10. O-O dxc4 11. bxc4 Bg4 12. h3 Bh5 13. d3 Qc7 14. Rc1 Rad8 15.
Qb3 h6 16. g4 Bg6 17. Nh4 Bh7 18. f4 exf4 19. Bxf6 gxf6 20. e4 Nd4 21. Qb2 Qc5
22. Kg2 Qe5 23. Rf2 Nf5 24. Qxb7 Nxh4+ 25. Kh1 Rb8 26. Qxa7 Rb2 27. Rcf1 Reb8
28. Bf3 Kg7 29. a4 Rxf2 30. Qxf2 Nxf3 31. Qxf3 Rb3 32. Kh2 Rxd3 33. Qxd3 f3+ 34.
Kh1 Bxe4 0-1

[Event "World Rapid Women 2025"]
[Site "Doha QAT"]
[Date "2025.12.26"]
[Round "4.19"]
[White "Injac, Teodora"]
[Black "Kaliakhmet, Elnaz"]
[Result "1-0"]
[WhiteTitle "IM"]
[BlackTitle "WIM"]
[WhiteElo "2421"]
[BlackElo "2329"]
[WhiteFideId "932400"]
[BlackFideId "13730169"]
[EventDate "2025.12.26"]

1. Nf3 d5 2. g3 Nf6 3. Bg2 Bf5 4. O-O e6 5. c4 c6 6. Qb3 Qb6 7. d3 Nbd7 8. cxd5
exd5 9. Qc2 Be7 10. Nc3 O-O 11. e4 dxe4 12. dxe4 Bg6 13. Nh4 Ng4 14. Na4 Qc7 15.
Nxg6 hxg6 16. h3 Ngf6 17. Be3 b5 18. Nc3 Rac8 19. Rac1 a6 20. Rfd1 Ne5 21. f4
Nc4 22. Bf2 Nd7 23. b3 Ncb6 24. Nd5 Nxd5 25. exd5 Ba3 26. d6 Bxd6 27. Qd2 Ba3
28. Rxc6 Qb8 29. Rxc8 Qxc8 30. Qxd7 Qc2 31. Qd2 Qc7 32. b4 a5 33. bxa5 b4 34. a6 1-0

[Event "World Rapid Women 2025"]
[Site "Doha QAT"]
[Date "2025.12.26"]
[Round "4.20"]
[White "Gu, Xiaobing"]
[Black "Garifullina, Leya"]
[Result "1/2-1/2"]
[WhiteTitle "WGM"]
[BlackTitle "IM"]
[WhiteElo "2106"]
[BlackElo "2454"]
[WhiteFideId "8602611"]
[BlackFideId "34127035"]
[EventDate "2025.12.26"]

1. e4 c5 2. Nf3 d6 3. Bb5+ Nd7 4. c4 Nf6 5. Nc3 e6 6. d4 cxd4 7. Qxd4 a6 8. Ba4
Be7 9. O-O O-O 10. Rd1 Qc7 11. Bxd7 Bxd7 12. Bf4 Bc6 13. Bxd6 Bxd6 14. Qxd6 Qxd6
15. Rxd6 Bxe4 16. Ne5 Rfc8 17. b3 b5 18. Nxe4 Nxe4 19. Rd4 Nc3 20. Kf1 f6 21.
Nd7 Rc7 22. Rd3 Ne4 23. f3 bxc4 24. bxc4 Ng5 25. h4 Nf7 26. c5 Raa7 27. Rad1 h5
28. g4 Nh6 29. g5 Nf5 30. gxf6 gxf6 31. Nxf6+ Kf7 32. Ne4 Nxh4 33. Kf2 Nf5 34.
Rh1 h4 35. Nd6+ Kg6 36. Nxf5 exf5 37. Rd6+ Kg5 38. c6 Rh7 39. Rg1+ Kf4 40. Rd4+
Ke5 41. Ke3 h3 42. f4+ Ke6 43. Kf3 h2 44. Re1+ Kf7 45. Kg2 Rc7 46. Rd7+ Rxd7 47.
cxd7 Rh8 48. Rh1 Ke7 49. Rxh2 Rg8+ 50. Kf3 Kxd7 51. Rh7+ Ke6 52. Rh6+ Kd5 53.
Rxa6 Rc8 54. Ra5+ Ke6 55. Ke3 Rc1 56. Ra6+ Kd5 57. Ra5+ Ke6 58. a4 Re1+ 59. Kf2
Ra1 60. Re5+ Kf6 61. a5 Ra4 62. Ke3 Ra3+ 63. Ke2 Ra4 64. Ke3 Ra3+ 1/2-1/2

[Event "World Rapid Women 2025"]
[Site "Doha QAT"]
[Date "2025.12.26"]
[Round "4.21"]
[White "Arabidze, Meri"]
[Black "Sharma, Isha"]
[Result "1-0"]
[WhiteTitle "IM"]
[BlackTitle "WIM"]
[WhiteElo "2413"]
[BlackElo "2245"]
[WhiteFideId "13604040"]
[BlackFideId "35006665"]
[EventDate "2025.12.26"]

1. c4 c5 2. Nf3 Nf6 3. Nc3 Nc6 4. g3 d5 5. cxd5 Nxd5 6. Bg2 Nc7 7. a3 e5 8. b4
cxb4 9. axb4 Bxb4 10. Nxe5 Nxe5 11. Qa4+ Nc6 12. Bxc6+ bxc6 13. Qxb4 Ne6 14. O-O
c5 15. Qb5+ Qd7 16. Ra5 O-O 17. Qxd7 Bxd7 18. f4 f5 19. Nd5 Kf7 20. Bb2 Bc6 21.
Ne3 g6 22. Rfa1 Rfb8 23. Rxa7+ Rxa7 24. Rxa7+ Kg8 25. Ra2 Nd4 26. Kf2 Bb5 27. d3
Nc6 28. Nd5 c4 29. Nf6+ Kf7 30. Nxh7 cxd3 31. exd3 Bxd3 32. Ng5+ Ke8 33. Be5 Rb1
34. Ra8+ Kd7 35. Rg8 Nxe5 36. fxe5 Rb2+ 37. Ke3 Bc4 38. Rg7+ Ke8 39. Kd4 Ba2 40.
e6 Re2 41. Rxg6 Ke7 42. h4 Rd2+ 43. Ke5 Re2+ 44. Kf4 Rf2+ 45. Ke3 Rg2 46. Kf3
Rg1 47. Kf2 Rc1 48. h5 Rc2+ 49. Ke3 Rc3+ 50. Kf4 Rc4+ 51. Ke5 Rc5+ 52. Kd4 Rc4+
53. Ke5 Rc5+ 54. Kd4 Rc4+ 55. Kd3 Rg4 56. h6 Rxg3+ 57. Kd4 Rg1 58. h7 Rd1+ 59.
Kc3 Rh1 60. Kd4 f4 61. Ke5 Bxe6 62. Rxe6+ Kd7 63. Rf6 Ke7 64. Rf7+ Ke8 65. Rg7
f3 66. Rg8+ Ke7 67. h8=Q Re1+ 68. Kd4 f2 69. Qg7+ Kd6 70. Qf6+ Kc7 71. Rg7+ Kc8
72. Qf8+ 1-0